Sustainable residential architecture (Record no. 28667)
[ view plain ]
| 000 -LEADER | |
|---|---|
| fixed length control field | 00519nam a2200181Ia 4500 |
| 005 - DATE AND TIME OF LATEST TRANSACTION | |
| control field | 20240229104209.0 |
| 008 - FIXED-LENGTH DATA ELEMENTS--GENERAL INFORMATION | |
| fixed length control field | 231207s9999 xx 000 0 und d |
| 020 ## - INTERNATIONAL STANDARD BOOK NUMBER | |
| International Standard Book Number | 9789812456700 |
| 040 ## - CATALOGING SOURCE | |
| Transcribing agency | NCA Library |
| 082 ## - DEWEY DECIMAL CLASSIFICATION NUMBER | |
| Classification number | 728 |
| Item number | KRA |
| 100 ## - MAIN ENTRY--PERSONAL NAME | |
| Author Name | Krauel, Jacobo |
| 245 #0 - TITLE STATEMENT | |
| Title | Sustainable residential architecture |
| Statement of responsibility, etc. | Jacobo Krauel |
| 260 ## - PUBLICATION, DISTRIBUTION, ETC. | |
| Name of publisher, distributor, etc. | Page One Publishing |
| Place of publication, distribution, etc. | Singapore |
| Date of publication, distribution, etc. | 2008 |
| 300 ## - PHYSICAL DESCRIPTION | |
| Pages | 239p |
| Other physical details | ill |
| 546 ## - LANGUAGE NOTE | |
| Language note | English |
| 650 ## - SUBJECT ADDED ENTRY--TOPICAL TERM | |
| Subject | Residential architecture, Sustainable architecture, Housing |
| 942 ## - ADDED ENTRY ELEMENTS (KOHA) | |
| Koha item type | Reference(Not for Loan) |
| 999 ## - | |
| -- | 28667 |
| -- | 28667 |
| Withdrawn status | Weedout from Library | Permanent Location | Current Location | Shelving location | Date acquired | Full call number | Barcode | Price effective from | Koha item type |
|---|---|---|---|---|---|---|---|---|---|
| NATIONAL COLLEGE OF ARTS, LAHORE - LIBRARY | NATIONAL COLLEGE OF ARTS, LAHORE - LIBRARY | 08/12/2023 | 728 KRA 33145 | 33145 | 08/12/2023 | Reference(Not for Loan) | |||
| NATIONAL COLLEGE OF ARTS, RAWALPINDI CAMPUS - LIBRARY | NATIONAL COLLEGE OF ARTS, RAWALPINDI CAMPUS - LIBRARY | 13/10/2025 | KRA 728 RP008009 | RP008009 | 13/10/2025 | Reference(Not for Loan) |